Photofile/ (Record no. 3779)

MARC details
000 -LEADER
campo de control de longitud fija 01524nam a22004337a 4500
003 - IDENTIFICADOR DE NÚMERO DE CONTROL
campo de control OSt
005 - FECHA Y HORA DE LA ÚLTIMA TRANSACCIÓN
campo de control 20230531143446.0
008 - DATOS DE LONGITUD FIJA--INFORMACIÓN GENERAL
campo de control de longitud fija 221006b |||||||| |||| 00| 0 eng d
040 ## - FUENTE DE CATALOGACIÓN
Centro/agencia transcriptor Biblioteca Lado V
082 ## - NÚMERO DE LA CLASIFICACIÓN DECIMAL DEWEY
Número de clasificación 779
Número de ítem F754p
100 ## - ENTRADA PRINCIPAL--NOMBRE DE PERSONA
9 (RLIN) 839
Nombre de persona Foster, Alasdair
Término indicativo de función/relación editor
245 ## - MENCIÓN DEL TÍTULO
Título Photofile/
Resto del título Photomedia journal/
260 ## - PUBLICACIÓN, DISTRIBUCIÓN, ETC.
Lugar de publicación, distribución, etc. Australia
Nombre del editor, distribuidor, etc. Australian Centre for Photography
Fecha de publicación, distribución, etc. 1999
300 ## - DESCRIPCIÓN FÍSICA
Dimensiones 22x28cm
Extensión 64p.
366 ## - INFORMACIÓN SOBRE DISPONIBILIDAD COMERCIAL
Nota eng
490 ## - MENCIÓN DE SERIE
Mención de serie 57
Designación de volumen o secuencia 1999
505 ## - NOTA DE CONTENIDO CON FORMATO
Nota de contenido con formato Editorial: Close Strangers
505 ## - NOTA DE CONTENIDO CON FORMATO
Nota de contenido con formato The Strange & the Uncanny
505 ## - NOTA DE CONTENIDO CON FORMATO
Nota de contenido con formato The Call to Order
505 ## - NOTA DE CONTENIDO CON FORMATO
Nota de contenido con formato Pages from The City of Strangers
505 ## - NOTA DE CONTENIDO CON FORMATO
Nota de contenido con formato An Intermediate Period
505 ## - NOTA DE CONTENIDO CON FORMATO
Nota de contenido con formato Terrain Vague
505 ## - NOTA DE CONTENIDO CON FORMATO
Nota de contenido con formato Images from Royal Derwent Hospital
505 ## - NOTA DE CONTENIDO CON FORMATO
Nota de contenido con formato Parking Stations
505 ## - NOTA DE CONTENIDO CON FORMATO
Nota de contenido con formato Strange Displays: Jungles movies, captivity and the department store
505 ## - NOTA DE CONTENIDO CON FORMATO
Nota de contenido con formato Leisureland
505 ## - NOTA DE CONTENIDO CON FORMATO
Nota de contenido con formato Fatal Natalities: The algebra of diaspora and the department store
505 ## - NOTA DE CONTENIDO CON FORMATO
Nota de contenido con formato Who are we & where we live, Now
505 ## - NOTA DE CONTENIDO CON FORMATO
Nota de contenido con formato The Secret Little Bay
505 ## - NOTA DE CONTENIDO CON FORMATO
Nota de contenido con formato Dial H-I-S-T-O-R-Y
505 ## - NOTA DE CONTENIDO CON FORMATO
Nota de contenido con formato The Sweetest Path
505 ## - NOTA DE CONTENIDO CON FORMATO
Nota de contenido con formato Laudanum
650 ## - PUNTO DE ACCESO ADICIONAL DE MATERIA--TÉRMINO DE MATERIA
Fuente del encabezamiento o término Tesauro de Arte & Arquitectura
Término de materia o nombre geográfico como elemento de entrada ARTE
9 (RLIN) 703
650 ## - PUNTO DE ACCESO ADICIONAL DE MATERIA--TÉRMINO DE MATERIA
Fuente del encabezamiento o término Tesauro de Arte & Arquitectura
Término de materia o nombre geográfico como elemento de entrada EXPOSICIONES
9 (RLIN) 702
650 ## - PUNTO DE ACCESO ADICIONAL DE MATERIA--TÉRMINO DE MATERIA
Fuente del encabezamiento o término Tesauro de Arte & Arquitectura
Término de materia o nombre geográfico como elemento de entrada FOTOGRAFIA
9 (RLIN) 702
650 ## - PUNTO DE ACCESO ADICIONAL DE MATERIA--TÉRMINO DE MATERIA
Fuente del encabezamiento o término Tesauro de Arte & Arquitectura
Término de materia o nombre geográfico como elemento de entrada PUBLICACION PERIODICA
650 ## - PUNTO DE ACCESO ADICIONAL DE MATERIA--TÉRMINO DE MATERIA
Fuente del encabezamiento o término Tesauro de Arte & Arquitectura
Término de materia o nombre geográfico como elemento de entrada INGLES
942 ## - ELEMENTOS DE ENTRADA SECUNDARIOS (KOHA)
Fuente del sistema de clasificación o colocación Clasificación Decimal Dewey
Tipo de ítem Koha Libros
Parte de la signatura que corresponde a la clasificación (Parte de la clasificación) 779
Parte de la signatura que identifica el ejemplar (Parte del ítem) F754p
Suprimir en OPAC No
Holdings
Estatus retirado Estado de pérdida Fuente del sistema de clasificación o colocación Especificación de materiales (volumen encuadernado u otra parte) Estado de daño No para préstamo Colección Biblioteca de origen Biblioteca actual Fecha de adquisición Enumeración/cronología de publicación seriada Número de inventario Total de préstamos Signatura topográfica completa Código de barras Visto por última vez Precio de reemplazo Tipo de ítem Koha
    Clasificación Decimal Dewey 1999     Revistas Biblioteca LadoV Biblioteca LadoV 31/05/2023 57 003443   779 F754p 003443 31/05/2023 31/05/2023 Libros